Pays ayant participé à la Coupe du Monde 1962 - Statistiques

Statistiques générales
  • Ce quiz a été pris 44 fois
  • Le résultat moyen est 15 sur 16
Statistiques - réponses
Continents Pays % Correct
Amérique du sud Argentine
100%
Amérique du sud (tenant du titre, vainqueur) Brésil
100%
Amérique du sud (organisateur) Chili
97%
Amérique du sud Colombie
97%
Europe Espagne
97%
Amérique du sud Uruguay
97%
Europe Angleterre
95%
Europe Italie
95%
Amérique du nord et centrale Mexique
95%
Europe Yougoslavie
95%
Europe Hongrie
92%
Europe URSS
90%
Europe Suisse
87%
Europe Tchécoslovaquie
87%
Europe Bulgarie
74%
Europe RFA
64%
Aucun quiz correspondant
Distribution des résultats
% des personnes avec chaque résultat
Percentile par nombre de réponses
Votre historique - résultats
Vous n’avez pas pris ce quiz